Europa: Geografie mit O - Statistiken

Allgemein
  • Dieses Quiz wurde 251 mal gespielt
  • Das Durchschnittsergebnis liegt bei 9 aus 16
Antwortstatistiken
Hinweis Antwort % Korrekt
Republik in Mitteleuropa mit der Hauptstadt Wien Österreich
98%
Hauptstadt, die bis 1924 "Christiania" hieß Oslo
95%
Alte Universitätsstadt an der Themse Oxford
93%
Binnenmeer, das die Römer "Mare Balticum" nannten Ostsee
86%
In Tschechien entspringender Fluss, der unter anderem durch Breslau fließt und dessen Unterlauf die Grenze zwischen Polen und Deutschland bildet Oder
75%
Meerenge zwischen Dänemark und Schweden, über die die beiden Länder seit 2000 durch eine Tunnel-Brücken-Konstruktion verbunden sind {Öre}sund
65%
Das historische Zentrum der Stadt am Schwarzen Meer wurde 2023 ins UNESCO-Weltkulturerbe aufgenommen; besonders bekannt ist die Potemkinsche Treppe Odessa
64%
Der höchste Berg Griechenlands ist kein einzelner Berg, sondern ein Bergmassiv Olymp
63%
Stadt in Südfrankreich, von der der Name des niederländischen Königshauses stammt; die Wortherkunft der gleichnamigen Frucht und Farbe ist jedoch eine andere Orange
57%
Seebad, das trotz seines Namens im Nordwesten Belgiens liegt Ostende
50%
Inselgruppe vor der Nordspitze Schottlands {Orkney}-Inseln
31%
In der nördlichsten Großstadt der EU sind viele Technologieunternehmen sowie eine der größten Universitäten Finnlands ansässig Oulu
31%
Zweitgrößter See Europas, an dessen Ufer Petrosawodsk, die Hauptstadt der russischen Republik Karelien, liegt {Onega}see
28%
Stadt im Osten der Tschechischen Republik, die das historische Zentrum Mährens war Olmütz
23%
See zwischen Nordmazedonien und Albanien, der einer der ältesten und mit 288 Metern tiefsten Seen Europas ist {Ohrid}see
17%
Deutscher Name von Saaremaa, der größten Insel Estlands Ösel
12%
Keine übereinstimmenden Quizze gefunden
Verteilung der Resultate
Anzahl Personen mit jedem Resultat
Perzentil nach korrekt beantworteten Fragen
Ihre Resultats-Entwicklung
Sie haben dieses Quiz noch nicht gespielt